Loading...
| History - European | 0 | 7 | 2 | 1 | 60 | 26 | 57.43 | 3 | 3 | 17.41 | 23.31 |
| Literature - World | 0 | 6 | 0 | 1 | 60 | 61 | 99.33 | 1 | 3 | 8.57 | 35.18 |
| History - World | 0 | 6 | 1 | 1 | 55 | 25 | 46.83 | 2 | 5 | 33.71 | 37.86 |
| Literature - European | 0 | 5 | 0 | 1 | 50 | 24 | 77.40 | 2 | 2 | 16.91 | 26.43 |
| Philosophy | 0 | 4 | 0 | 1 | 40 | 32 | 76.25 | 0 | 2 | 13.46 | 31.92 |
| Social Science | 0 | 4 | 0 | 1 | 40 | 64 | 68.50 | 0 | 1 | 19.01 | 28.13 |
| Fine Arts - Classical Music | 0 | 2 | 0 | 0 | 20 | 55 | 85.50 | 0 | 1 | 4.98 | 9.64 |
| Religion | 0 | 2 | 1 | 0 | 15 | 76 | 86.00 | 0 | 1 | 5.61 | 12.50 |
| Fine Arts - Other | 0 | 2 | 1 | 1 | 15 | 96 | 97.00 | 0 | 0 | 2.98 | 6.25 |
| Fine Arts - Painting and Sculpture | 0 | 2 | 1 | 0 | 15 | 57 | 81.50 | 0 | 0 | 6.51 | 11.96 |
| Literature - British | 0 | 2 | 2 | 0 | 10 | 26 | 67.50 | 0 | 1 | 5.25 | 7.50 |
| Geography | 0 | 1 | 0 | 0 | 10 | 78 | 78.00 | 0 | 1 | 6.19 | 14.29 |
| Literature - American | 0 | 1 | 0 | 0 | 10 | 106 | 106.00 | 0 | 0 | 0.90 | 11.43 |
| Current Events | 0 | 1 | 0 | 0 | 10 | 89 | 89.00 | 0 | 1 | 4.59 | 17.86 |
| Mythology | 0 | 1 | 0 | 0 | 10 | 113 | 113.00 | 0 | 0 | 0.66 | 6.25 |
| Science - Chemistry | 0 | 1 | 0 | 0 | 10 | 100 | 100.00 | 0 | 0 | 0.00 | 1.43 |
| Science - Other | 0 | 1 | 0 | 0 | 10 | 74 | 74.00 | 0 | 0 | 2.45 | 2.50 |
| History - Other | 0 | 2 | 3 | 1 | 5 | 64 | 81.00 | 0 | 2 | 6.01 | 15.00 |
| Science - Biology | 0 | 0 | 1 | 0 | -5 | 0.00 | 0 | 0 | 0.00 | 0.00 |